| 000 | | | 03823cbm0a2200265#x 450 |
| 001 | | | 8aef105b-bc2a-42e9-8ee6-85e2a5069994 |
| 005 | | | 20221222140258.0 |
| 100 | ## | $a | 20221221j19411023k###0rusy50 ca |
| 101 | 2# | $a | rus |
| 102 | ## | $a | RU |
| 105 | ## | $a | y###z######## |
| 122 | 0# | $a | d19411023## |
| 200 | 1# | $a | Переговоры И. В. Сталина с командованием Ленинградского фронта с требованием решительных наступательных действий на Мгинском направлении для восстановления связи с войсками 54-й армии и прорыва блокады |
| | $j | 23 октября 1941 г. |
| 251 | ## | $c | Документ |
| 300 | ## | $a | Подлинник |
| 461 | #0 | $1 | 2001 |
| | $a | Ф. 77 |
| | $1 | 251 |
| | $c | Фонд |
| | $1 | 852 |
| | $j | 77 |
| 462 | #0 | $1 | 2001 |
| | $a | Оп. 3 |
| | $1 | 251 |
| | $c | Опись |
| | $1 | 852 |
| | $j | 3 |
| 462 | #0 | $1 | 2001 |
| | $a | Д. 126 |
| | $v | Л. 10-13 |
| | $1 | 251 |
| | $c | Дело |
| | $1 | 852 |
| | $j | 126 |
| 605 | ## | $2 | prlib_sh |
| | $3 | LIBNET\UAF\0000088514 |
| | $a | Вторая мировая война в архивных документах (Комплекс оцифрованных архивных документов, кино- и фотоматериалов) |
| | $l | коллекция |
| 686 | ## | $a | 63.3(2)622,11ю11 |
| | $v | LBC/M |
| | $2 | rubbk |
| 801 | #0 | $a | RU |
| | $b | ПБ им. Б.Н. Ельцина |
| | $c | 20221221 |
| 801 | #1 | $a | RU |
| | $b | ПБ им. Б.Н. Ельцина |
| | $c | 20221221 |
| | $2 | rusmarc |
| 801 | #2 | $a | RU |
| | $b | ПБ им. Б.Н. Ельцина |
| | $c | 20221222 |
| | $2 | rusmarc |
| 850 | ## | $a | Российский государственный архив социально-политической истории |
| 852 | ## | $a | РГАСПИ |
| | $j | Л. 10-13 |
| 035 | ## | $a | LIBNET\0001298419 |
| 937 | ## | $d | 181677496 |
| | $h | Федеральное архивное агентство |
| 856 | 4# | $u | http://readingroom.main.prlib.ru/item.aspx?id_node=n181677496&mode=full |